|
|
|
|
| LEADER |
00000nab a2200000 a 4500 |
| 001 |
vtls001006335 |
| 003 |
SK-MaSNL |
| 005 |
20260319074108.0 |
| 008 |
040720e19990818xo 0 hun |
| 035 |
|
|
|a RV6935
|
| 040 |
|
|
|a RVGKPD
|b slo
|c RVGKPD
|e AACR2
|
| 041 |
0 |
|
|a slo
|
| 044 |
|
|
|a xo
|c SK
|
| 080 |
|
|
|a 379.835
|2 1981
|
| 100 |
1 |
|
|a Juhász, Katalin,
|d 1969-
|4 aut
|9 102317
|
| 245 |
1 |
0 |
|a Tollforgatók tábora
|
| 300 |
|
|
|b 7 foto
|
| 650 |
0 |
7 |
|a spisovatelia začínajúci
|2 RVGKPD
|9 944233
|
| 650 |
0 |
7 |
|a prázdninové tábory
|2 RVGKPD
|9 71360
|
| 651 |
|
7 |
|a Gombasek (Slavec, Slovensko)
|2 RVGKPD
|9 18083
|
| 655 |
|
7 |
|a periodikum
|2 snkbucl
|9 29553
|
| 773 |
0 |
8 |
|t Vasárnap
|g Roč. 32, č.33, 18.8.1999
|
| 773 |
0 |
8 |
|i Príl.:
|t Hang-Kép. - Č. 33 (21.-27.8.1999), s. 10-11
|
| 852 |
|
|
|a ZVYKNI
|b KIS3GCP
|
| 999 |
|
|
|c 1688435
|d 1690365
|